<?xml version="1.0" encoding="UTF-8"?>
<record
    xmlns:xsi="http://www.w3.org/2001/XMLSchema-instance"
    xsi:schemaLocation="http://www.loc.gov/MARC21/slim http://www.loc.gov/standards/marcxml/schema/MARC21slim.xsd"
    xmlns="http://www.loc.gov/MARC21/slim">

  <leader>00509nam a22001697a 4500</leader>
  <controlfield tag="008">170708s2016        no||||| |||| 00| 0 eng d</controlfield>
  <datafield tag="082" ind1="0" ind2="4">
    <subfield code="a">779</subfield>
    <subfield code="b">B669c</subfield>
  </datafield>
  <datafield tag="100" ind1="1" ind2=" ">
    <subfield code="a">Boe Birkeland, Tonje.</subfield>
    <subfield code="9">5860</subfield>
  </datafield>
  <datafield tag="245" ind1="1" ind2="3">
    <subfield code="a">The characters /</subfield>
    <subfield code="c">Tonje Boe Birkeland.</subfield>
  </datafield>
  <datafield tag="250" ind1=" " ind2=" ">
    <subfield code="a">1a edici&#xF3;n.</subfield>
  </datafield>
  <datafield tag="260" ind1=" " ind2=" ">
    <subfield code="a">Noruega :</subfield>
    <subfield code="b">Kulturradet Arts Council,</subfield>
    <subfield code="c">[2016].</subfield>
  </datafield>
  <datafield tag="300" ind1=" " ind2=" ">
    <subfield code="a">260 p&#xE1;ginas :</subfield>
    <subfield code="b">ilustraciones en color.</subfield>
  </datafield>
  <datafield tag="653" ind1="1" ind2="0">
    <subfield code="a">Fotograf&#xED;a</subfield>
  </datafield>
  <datafield tag="653" ind1="1" ind2="0">
    <subfield code="a">Relatos</subfield>
  </datafield>
  <datafield tag="653" ind1="1" ind2="0">
    <subfield code="a">Fotograf&#xED;a digital - Noruega</subfield>
  </datafield>
  <datafield tag="653" ind1="1" ind2="0">
    <subfield code="a">Fot&#xF3;grafos </subfield>
  </datafield>
  <datafield tag="999" ind1=" " ind2=" ">
    <subfield code="c">1223</subfield>
    <subfield code="d">1223</subfield>
  </datafield>
  <datafield tag="952" ind1=" " ind2=" ">
    <subfield code="0">0</subfield>
    <subfield code="1">0</subfield>
    <subfield code="2">ddc</subfield>
    <subfield code="4">0</subfield>
    <subfield code="7">0</subfield>
    <subfield code="a">LV</subfield>
    <subfield code="b">LV</subfield>
    <subfield code="c">Monograf&#xED;as</subfield>
    <subfield code="d">2017-07-08</subfield>
    <subfield code="l">0</subfield>
    <subfield code="o">779 B669c</subfield>
    <subfield code="p">004395</subfield>
    <subfield code="r">2017-07-08 00:00:00</subfield>
    <subfield code="w">2017-07-08</subfield>
    <subfield code="y">01</subfield>
  </datafield>
</record>
